Statistics for More Countries in their Native Languages

Click here to take the quiz!

General Stats

  • This quiz has been taken 1,595 times
  • The average score is 12 of 19

Answer Stats

HintAnswer% Correct
DeutschlandGermany
99%
NederlânThe Netherlands
95%
SrbijaSerbia
94%
SlovenskoSlovakia
93%
Ityop'iaEthiopia
87%
SverigeSweden
85%
TunesTunisia
84%
SvizzeraSwitzerland
81%
Zhōngguó (Zhōnghuá Rénmín Gònghéguó)China (People's Republic of China)
75%
LubnānLebanon
75%
BuliwyaBolivia
60%
Amelika-hui-pu-'iaUnited States
40%
GineGuinea
39%
VitiFiji
38%
Al-’UrdunJordan
36%
ChosŏnNorth Korea
31%
Sak'art'veloGeorgia
29%
Rìoghachd AonaichteUnited Kingdom
27%
Amerruk / ElmeɣribMorocco
25%

Score Distribution

Percentile by Number Answered

Percent of People with Each Score

Your Score History

You have not taken this quiz